| 000 | 00379nam a2200169Ia 4500 | ||
|---|---|---|---|
| 001 | 13678 | ||
| 008 | 140402s9999 xx 000 0 und d | ||
| 020 | _a1-55558-174-9 | ||
| 040 | _cPK-LaUMT | ||
| 082 |
_a 004.67 _bCOL-S |
||
| 100 | _aCollin, Simon | ||
| 245 |
_aSetting up a web server _cCollin, Simon |
||
| 260 | _c1997 | ||
| 300 | _a273 p. | ||
| 546 | _aEN | ||
| 942 | _cBK | ||
| 999 |
_c14335 _d14335 |
||